Electrical Science

Bibliographic Details
Main Author: Gupta,B.R
Format: Book
Published: India : S. Chand & Company Ltd. , 2004
Subjects:

MARC

LEADER 00000cam a2200000 7i4500
001 0000045188
005 20151221.0
008 150201
020 |a 8121923107 
020 |a 9788121923101 
090 0 0 |a 621.3   |b GUP 
100 1 |a Gupta,B.R. 
245 1 0 |a Electrical Science   |c B.R.Gupta and Vandana Singhal 
260 |a India :   |b S. Chand & Company Ltd. ,   |c 2004 
500 |a Includes Index(497-500pg.) 
650 0 |a Electric science 
999 |a 0001392942   |b Book   |c Adult Collection   |e Cawangan Tmn. Ungku Tun Aminah 
999 |a 0001517916   |b Book   |c Adult Collection   |e Cawangan Segamat